Profetas del pueblo / (Record no. 147676)

MARC details
000 -LEADER
campo de control de longitud fija 00502nam a2200181 i 4500
001 - NÚMERO DE CONTROL
campo de control 147676
003 - IDENTIFICADOR DE NÚMERO DE CONTROL
campo de control ES-MaACL
005 - FECHA Y HORA DE LA ÚLTIMA TRANSACCIÓN
campo de control 20260612132715.0
007 - CAMPO FIJO DE DESCRIPCIÓN FÍSICA--INFORMACIÓN GENERAL
campo de control de longitud fija t|
008 - DATOS DE LONGITUD FIJA--INFORMACIÓN GENERAL
campo de control de longitud fija 071004s1967 rm ||||1| rum d
100 1# - ENTRADA PRINCIPAL--NOMBRE DE PERSONA
Nombre de persona Uscatescu, Jorge,
Fechas asociadas al nombre 1919-1995
9 (RLIN) 112293
245 10 - MENCIÓN DEL TÍTULO
Título Profetas del pueblo /
Mención de responsabilidad, etc. George Uscatescu.
260 ## - PUBLICACIÓN, DISTRIBUCIÓN, ETC.
Lugar de publicación, distribución, etc. Rumanía :
Nombre del editor, distribuidor, etc. [s.n.],
Fecha de publicación, distribución, etc. 1967.
300 ## - DESCRIPCIÓN FÍSICA
Extensión 158 p. con 5 lám. ;
Dimensiones 22 cm.
500 ## - NOTA GENERAL
Nota general Original en rumano.
852 ## - LOCALIZACIÓN
Ubicación ES-MaACL
Número de control de estantería C-32748
Sublocalización o colección R.63302
Holdings
Estatus retirado Estado de pérdida Estado de daño No para préstamo Biblioteca de origen Biblioteca actual Ubicación en estantería Fecha de adquisición Fuente de adquisición Total de préstamos Signatura topográfica completa Código de barras Visto por última vez Precio de reemplazo Tipo de ítem Koha
        Biblioteca del Ateneo de Madrid Biblioteca del Ateneo de Madrid Depósito 2 17/01/2008     C-32748 1154113 23/02/2023 23/02/2023 Libro impreso